=LDR 00000nam 2200000 4500 =001 NUTBA000000000002908 =005 20140708133714.0 =006 =007 =008 =035 ##$$a 0010-071400000000096 =082 ##$$a f rom k =090 ##$$a f rom k $b yas p =100 ##$$a yaseoulrok $t pedang raja =245 ##$$a pedang raja =260 ##$$a Jakarta $b pt elex media komputindo $c 2002 =300 ##$$a 218 hlm $b illus $c 18 cm. =850 ##$$a NBPBMAT =990 ##$$a 21400613/BPAP-NTB/20142014